| 000 | 01013 a2200217 4500 | ||
|---|---|---|---|
| 003 | Nust | ||
| 005 | 20220818132317.0 | ||
| 010 | _a 2003064794 | ||
| 020 | _a0130352144 | ||
| 040 | _cNust | ||
| 082 | 0 | 0 | _a621.3822,KUO |
| 100 | 1 |
_aKuo, Sen M. _9696 |
|
| 245 | 1 | 0 |
_aDigital signal processors : _barchitectures, implementations, and applications / _cSen M. Kuo and Woon-Seng Gan. |
| 260 |
_aUpper Saddle River, N.J. : _bPearson/Prentice Hall, _cc2005. |
||
| 300 |
_axviii, 601 p. : _bill. ; _c24 cm. + _e1CD-ROM (4 3/4 in.) |
||
| 505 | _aIntroduction To DSP Systems (Page- 1), Fundamentals Of DSP (Page- 41), Implementation Considerations (Page- 92), Fixed-Point DSP (Page- 154), Floating Point (Page- 259), Finite Impulse Response Filtering (Page- 305).Infinite Impulse Response Filtering (Page- 377), Fast Fourier Transforms (Page- 445), Adaptive Filtering (Page- 514). | ||
| 650 | 0 | _xTelecommunication engineering | |
| 651 |
_a(Include CD) _98953 |
||
| 700 | 1 |
_aGan, Woon-Seng. _998030 |
|
| 942 |
_cREF _2ddc |
||
| 999 |
_c175753 _d175753 |
||